MARC details
| 000 -CABECERA |
| campo de control de longitud fija |
01402nam a2200241 a 4500 |
| 001 - NÚMERO DE CONTROL |
| campo de control |
000042791 |
| 005 - FECHA Y HORA DE LA ÚLTIMA TRANSACCIÓN |
| campo de control |
20201002040411.0 |
| 008 - DATOS DE LONGITUD FIJA--INFORMACIÓN GENERAL |
| campo de control de longitud fija |
140210s1990 dr ad 001 0 spa d |
| 040 ## - FUENTE DE LA CATALOGACIÓN |
| Centro catalogador/agencia de origen |
DO-SdBNP |
| Lengua de catalogación |
spa |
| Centro/agencia transcriptor |
BNPHU |
| 082 ## - NÚMERO DE LA CLASIFICACIÓN DECIMAL DEWEY |
| Número de clasificación |
338.17361 |
| Número de documento/Ítem |
P467i |
| 245 00 - MENCIÓN DE TÍTULO |
| Título |
Perspectivas de la industria azucarera en R. D. |
| 260 ## - PUBLICACIÓN, DISTRIBUCIÓN, ETC. |
| Lugar de publicación, distribución, etc. |
Santo Domingo : |
| Nombre del editor, distribuidor, etc. |
Centro de Información y Comunicación (CICOM), |
| Fecha de publicación, distribución, etc. |
1990. |
| 300 ## - DESCRIPCIÓN FÍSICA |
| Extensión |
136 p ; |
| Dimensiones |
23 cm. |
| 490 1# - MENCIÓN DE SERIE |
| Mención de serie |
Consenso agrario |
| Designación de volumen o secuencia |
3 |
| 505 0# - NOTA DE CONTENIDO CON FORMATO |
| Información miscelánea |
Presentación -- |
| Título |
discurso de apertura / |
| Mención de responsabilidad |
Carlos Morales Troncoso -- |
| Título |
Historia, cultivo, costos y mecanización de la caña de azúcar en la República Dominicana / |
| Mención de responsabilidad |
Dr Nicolás Casanova -- |
| Título |
Realidad y perspectivas de la comercialización del azúcar dominicano / |
| Mención de responsabilidad |
F.J. Vicini -- |
| Título |
La diversificación de la industria azucarera: mitos y realidades / |
| Mención de responsabilidad |
Ing. Eduardo Martínez Lima -- |
| Título |
Problemas sociales y políticos creados por la industria azucarera dominicana / |
| Mención de responsabilidad |
Lic. Bernardo Vega. |
| 590 ## - NOTA LOCAL (RLIN) |
| Nota local |
Inventariado,2018/DG |
| 650 #4 - PUNTO DE ACCESO ADICIONAL DE MATERIA--TÉRMINO DE MATERIA |
| Término de materia o nombre geográfico como elemento de entrada |
Industria azucarera |
| Subdivisión geográfica |
República Dominicana |
| Subdivisión general |
Congresos, conferencias, etc. |
| 9 (RLIN) |
7356 |
| 650 #4 - PUNTO DE ACCESO ADICIONAL DE MATERIA--TÉRMINO DE MATERIA |
| Término de materia o nombre geográfico como elemento de entrada |
Azúcar |
| Subdivisión general |
Comercio |
| -- |
Congresos, conferencias, etc. |
| 9 (RLIN) |
14536 |
| 650 #4 - PUNTO DE ACCESO ADICIONAL DE MATERIA--TÉRMINO DE MATERIA |
| Término de materia o nombre geográfico como elemento de entrada |
Caña de azucar |
| Subdivisión geográfica |
República Dominicana |
| Subdivisión general |
Congresos, conferencias, etc. |
| 9 (RLIN) |
14537 |
| 651 #4 - PUNTO DE ACCESO ADICIONAL DE MATERIA--NOMBRE GEOGRÁFICO |
| Nombre geográfico |
República Dominicana |
| Subdivisión general |
Política Agraria |
| 9 (RLIN) |
70133 |
| 830 #0 - PUNTO DE ACCESO ADICIONAL DE SERIE-TÍTULO UNIFORME |
| Título uniforme |
Consenso agrario |
| Número de parte o sección de la obra |
3 |
| 9 (RLIN) |
70134 |
| 910 ## - DATOS DE OPCIÓN DEL USUARIO (OCLC) |
| Datos de opción del usuario |
Validado. Control de calidad EMS |